000 00754nam a22002417a 4500
003 UA-OsUOA
001 80903
007 ta
008 20111228b un ||||| |||| 00| 0 ukr d
100 _aПазинич В.І.
700 _aШтепенко К.П.
700 _aПопова Ю.М.
090 _a330(477)
_bП12
942 _cSA
040 _aUA-OsUOA
_bukr
_cUA-OsUOA
_dUA-OsUOA
245 _aНапрями державної підтримки впровадження схем проектного фінансування в Україні
300 _aС.120
955 _a0
041 _aukr
080 _a330(477)
773 0 _w80892
_tФінанси України
_dК.
_d2011
_g9
650 7 _a330 Економіка взагалі
_2UDC
999 _c367210
_d367210